Primenenije organičeskich i mineral‘nych udobrenij (na rannych počvach i pod reznyje kul‘tury) /

Hlavní autor: Andrews, W. B.
Jazyk: Ruština
Vydáno: Moskva : Gosinoidat, 1959
Fyzický popis: 398 s.
Knihy
Uloženo v:
LEADER 00660nam a22002052a 4500
001 001762350
003 CZ BrMZK
005 20200807113513.0
007 ta
008 200807s1959 ru er|||||||||||rus d
040 |a BOA001  |b cze  |e aacr2 
100 1 |a Andrews, W. B.  |4 aut 
245 1 0 |a Primenenije organičeskich i mineral‘nych udobrenij (na rannych počvach i pod reznyje kul‘tury) /  |c W.B. Andrews 
260 |a Moskva :  |b Gosinoidat,  |c 1959 
300 |a 398 s. 
504 |a Obsahuje bibliografii 
910 |a BOA001  |b 3-0428.256 
990 |a BK 
991 |b 202008 
996 7 |b 2618871655  |c 3-0428.256  |l MZK  |r Sklad / do 1 hodiny  |n 0  |w 001818098  |u 000010  |a 1  |e BOA001  |j MZK50  |s A